| 000 | 00518nam a22001697a 4500 | ||
|---|---|---|---|
| 008 | 150721b xxu||||| |||| 00| 0 ger d | ||
| 020 | _a3341002510 | ||
| 041 | 0 | _ager | |
| 080 | _a681.5 | ||
| 100 | _aSchonfeld, Rolf, | ||
| 245 |
_aGrundlagen der automatischen Steuerung : _cRolf Schonfeld. |
||
| 250 | _aBotim i rishikuar 2 | ||
| 260 |
_aBerlin : _bVEB Verlag Technik ; _c1987. |
||
| 300 |
_a204 f.: _bme il.; _c25 cm. |
||
| 650 | 0 | _aElektroteknika | |
| 942 |
_2udc _cBK |
||
| 999 |
_c1133 _d1133 |
||